Perlembagaan Malaysia : Perkembangan 1957-1977
| Other Authors: | |
|---|---|
| Format: | Book |
| Published: |
Petaling Jaya :
Penerbit Fajar Bakti ,
1983
|
| Subjects: |
MARC
| LEADER | 00000cam a2200000 7i4500 | ||
|---|---|---|---|
| 001 | 0000001854 | ||
| 005 | 20050629.0 | ||
| 020 | |a 0195820681 | ||
| 040 | |a INS | ||
| 090 | 0 | 0 | |a C22KQB. |b P46 1983 |
| 245 | 0 | 0 | |a Perlembagaan Malaysia : |b Perkembangan 1957-1977 |c edited by Tun Mohamed Suffian |
| 260 | |a Petaling Jaya : |b Penerbit Fajar Bakti , |c 1983 | ||
| 300 | |a xivp : |b 477p | ||
| 650 | 0 | 0 | |a Constitutions |z Malaysia |
| 700 | 0 | |a Mohamed Suffian |f Tun H.P.Lee | |
| 999 | |a 0000000611 |b BOOK |c Open Shelf |e Default branch | ||